2025 ESPYS Award Winners - Statistics

General Stats
  • This quiz has been taken 12 times
  • The average score is 9 of 22
Answer Stats
Award Sport Answer % Correct
Best Team Football Philadelphia Eagles
100%
Best Athlete (Men's) Basketball Shai Gilgeous-Alexander
91%
Best NBA Player Basketball Shai Gilgeous-Alexander
91%
Best WNBA Player Basketball Caitlin Clark
82%
Best NFL Player Football Saquon Barkley
73%
Best MLB Player Baseball Shohei Ohtani
73%
Best Athlete (Women's) Gymnastics Simone Biles
73%
Best College Athlete (Men's) Basketball Cooper Flagg
55%
Best Play Football Saquon Barkley
55%
Best Record-Breaking Performance Hockey Alexander Ovechkin
45%
Best Driver F1 Max Verstappen
45%
Championship Performance Gymnastics Simone Biles
45%
Breakthrough Athlete Rugby Ilona Maher
18%
Best NHL Player Hockey Leon Draisaitl
18%
Best Golfer Golf Scottie Scheffler
18%
Comeback Athlete Gymnastics Suni Lee
18%
Best Soccer Player Soccer Christian Pulisic
9%
Best College Athlete (Women's) Basketball JuJu Watkins
9%
Best Tennis Player Tennis Coco Gauff
0%
Best Boxer Boxing Katie Taylor
0%
Best UFC Fighter MMA Merab Dvalishvili
0%
Best Athlete with a Disability Para Snowboarding Noah Elliot
0%
No matching quizzes found
Score Distribution
Percent of People with Each Score
Percentile by Number Answered
Your Score History
You have not taken this quiz